Les Bladers (nommés) qui ont vaincu Gingka dans un duel de Beyblade - Statistiques

Statistiques générales
  • Ce quiz a été pris 51 fois
  • Le résultat moyen est 6 sur 10
Statistiques - réponses
Série Blader % Correct
Beyblade Metal Fusion Ryuga
98%
Beyblade Metal Fusion Phoenix
74%
Beyblade Metal Masters Julian
70%
Beyblade Metal Masters Masamune
70%
Beyblade Metal Fusion Yu
70%
Beyblade Metal Fury Aguma
57%
Beyblade Metal Masters Argo
54%
Beyblade Metal Masters Sophie
48%
Beyblade Metal Masters Wales
48%
Beyblade Metal Fury Bao
35%
Aucun quiz correspondant
Distribution des résultats
% des personnes avec chaque résultat
Percentile par nombre de réponses
Votre historique - résultats
Vous n’avez pas pris ce quiz